OSHA inspections.

Bibliographic Details
Corporate Author: United States. Occupational Safety and Health Administration
Format: Government Document eBook
Language:English
Published: [Washington, D.C.] : U.S. Dept. of Labor, Occupational Safety and Health Administration, [2002]
Series:OSHA factsheet.
Subjects:
Online Access:https://purl.fdlp.gov/GPO/gpo14793

MARC

Tag First Indicator Second Indicator Subfields
LEADER 00000cam a2200000 a 4500
001 in00002758821
005 20211120165117.0
006 m d f
007 cr cn|||||||||
008 111102s2002 dcu o f000 0 eng c
035 |a (OCoLC)ocn759406778 
040 |a GPO  |c GPO  |d MvI  |d UtOrBLW 
042 |a pcc 
043 |a n-us--- 
049 |a WWW 
074 |a 0766-F-05 (online) 
086 0 |a L 35.24:IN 7 
245 0 0 |a OSHA inspections. 
246 3 |a Occupational Safety and Health Administration 
264 1 |a [Washington, D.C.] :  |b U.S. Dept. of Labor, Occupational Safety and Health Administration,  |c [2002] 
300 |a 1 online resource (2 unnumbered pages). 
336 |a text  |b txt  |2 rdacontent 
337 |a computer  |b c  |2 rdamedia 
338 |a online resource  |b cr  |2 rdacarrier 
490 1 |a OSHA fact sheet 
500 |a Title from title screen (viewed on Nov. 2, 2011). 
500 |a Electronic resource. 
650 0 |a Industrial safety  |x Standards  |z United States. 
650 0 |a Industrial hygiene  |x Standards  |z United States. 
710 1 |a United States.  |b Occupational Safety and Health Administration. 
830 0 |a OSHA factsheet. 
856 4 0 |u https://purl.fdlp.gov/GPO/gpo14793  |t 0 
999 |a MARS 
999 f f |s 9a5fcdc5-9aa5-33f4-9c3b-d56231f77f71  |i 7dc112e9-c71c-36b8-bd3f-6dd3771f90eb  |t 0 
952 f f |a Texas A&M University  |b College Station  |c Electronic Resources  |d Available Online  |t 0  |e L 35.24:IN 7  |h Superintendent of Documents classification 
998 f f |a L 35.24:IN 7  |t 0  |l Available Online